00369pam a2200145a 44500008004100000020002400041082001600065100001500081245003700096260003200133300001000165700001800175906001100193999001900204230405s2006 xxu||||| |||| 00| 0 eng d a8171798470cRs. 135 a618.92bDAN aDani, V.S. aHandbook of Practical Pediatrics aNew DelhibJaypee Pubc2006 a121 p aAgrawal, R.S. a000464 c249218d249218